Responses for show #4454 - Thursday, January 8, 2004

Tom Walsh game 4.

Contestants

Michael Schlitzer, an account manager from Sterling, Virginia

Belinda Reid, a retired teacher from Farmerville, Louisiana

Tom Walsh, a writer from Washington, D.C. (whose 3-day cash winnings total $62,500)

Jeopardy! Round responses

TEDDY BEAR
DON'T BE CRUEL
(Alex: Hey, there's a theme here!)
CAN'T HELP FALLING IN LOVE
JAILHOUSE
ROCK
LET'S GO TO GRACELAND
(Alex: And all these categories in honor of the King's birthday this week.)
    $200 26
L.L. Bean

Michael
    $200 1
Al Capone

Michael
    $200 16
lovebirds

Michael
    $200 21
Concord

Triple Stumper
    $200 8
marble

Michael
    $200 6
gospel

Tom
    $400 27
Winnie the Pooh

Tom
    $400 2
platter

Triple Stumper
    $400 17
love potion

Michael
    $400 22
Andersonville

Tom
    $400 9
the Rock of Gibraltar

Michael
    $400 7
Thanksgiving

Michael
    $600 28
Germany

Belinda
    $600 3
Uday Hussein

Tom
    $600 18
Lovey

Michael
    $600 23
Attica

Tom
    $600 10
(Alex: "The Granite State.")

granite

Tom
    $600 13
"Love Me Tender"

Belinda
    $800 29
Paddington Bear

Michael
    $800 4
Poland

Tom
    $800 19
Cupid

Belinda
    $800 24
(Alex: With a minute to go.)

Spandau

Tom
    $800 11
shale

Triple Stumper
    $800 14
Lisa Marie Presley

Belinda
    $1000 30
Teddy Ruxpin

Michael
    $1,400 5
Castille

Tom
    $1000 20
A Midsummer Night's Dream

Tom
    $1000 25
(Michael: What is a maximum security prison?)

supermax

TomMichael
    $1000 12
sandstone

Triple Stumper
    $1000 15
(Alex: Belinda, you know about Elvis; well done!)

Gladys Presley

Belinda

Scores at the first commercial break (after clue 15):

Tom Belinda Michael
$3,600 $2,400 $1,200

Scores at the end of the Jeopardy! Round:

Tom Belinda Michael
$7,800 $3,800 $3,400

Double Jeopardy! Round responses

MEDICINE
TV TALK
BOOKS ABOUT PRESIDENTS
(Alex: You have to name the presidential subject.)
ONLY 351 SHOPPING DAYS TO XMAS
(Alex: We have a whole category about that!)
"G" MEN
QUOTATIONS
    $400 1
neck

Michael
    $400 6
bleeds

Tom
    $400 11
(Michael: Who is Calvin Coolidge?)

(Harry S.) Truman

TomMichael
    $400 26
iPod

Tom
    $400 16
Johannes Gutenberg

Tom
    $400 21
the dodo

Michael
    $800 2
nitroglycerin

Michael
    $800 7
tote board

Michael
    $800 12
(Michael: Who is Tyler?)
(Tom: Who is Taylor?)

William Henry Harrison

TomBelindaMichael
    $800 27
the Edgehog

Triple Stumper
    $800 17
Benny Goodman

Michael
    $800 22
measles

Belinda
    $1200 3
Severe Acute Respiratory Syndrome

Michael
    $1200 8
Pay-Per-View

Tom
    $1200 13
Abraham Lincoln

Triple Stumper
    $1200 28
Gymboree

Belinda
    $1200 18
Yuri Gagarin

Belinda
    $1200 23
(Michael: What is a lunch?)

breakfast

BelindaMichael
    $2,000 4
white blood cells

Michael
    $1600 9
counterprogramming

Tom
    $1600 14
Richard Nixon

Triple Stumper
    $1600 29
Bijan

Michael
    $1600 19
(Giuseppe) Garibaldi

Michael
    $1600 24
(Alex: Minute to go now, Belinda.)

man

Triple Stumper
    $2000 5
(Michael: What is vomiting?)

itching

TomMichael
    $2000 10
jump the shark

Tom
    $2000 15
Zachary Taylor

Belinda
    $2000 30
Nigella Lawson

Triple Stumper
    $2,000 20
(Michael: Who is Gershwin?)
(Alex: He also wrote the "Grand Canyon Suite.")

Ferde Grofe

Michael
    $2000 25
the bottle

Michael

Scores at the end of the Double Jeopardy! Round:

Tom Belinda Michael
$15,400 $11,000 $8,600

[wagering suggestions for these scores]

Final Jeopardy! Round responses

FILM TITLES
(Alex: Tom, that's a well-known bookstore in San Francisco, isn't it? That's where you applied for a job; earthquake time!)
MichaelWhat is Borders
$7,000
BelindaWhat is Borders
$7,500
TomWhat is City Lights?
$6,600
City Lights

Final scores:

Tom Belinda Michael
$22,000 $3,500 $1,600
4-day champion: $84,500 2nd place: $2,000 3rd place: $1,000

Game dynamics:

Coryat scores:

Tom Belinda Michael
$15,000 $11,000 $10,200
19 R
(including 1 DD),
1 W
11 R,
0 W
20 R
(including 1 DD),
6 W
(including 1 DD)

Combined Coryat: $36,200

The J! Archive is created by fans, for fans. The Jeopardy! game show and all elements thereof, including but not limited to copyright and trademark thereto, are the property of Jeopardy Productions, Inc. and are protected under law. This website is not affiliated with, sponsored by, or operated by Jeopardy Productions, Inc. Join the discussion at JBoard.tv.